000 00648nam a2200277Ia 4500
005 20260324120335.0
008 008 260324s9999 xx 000 0 eng d
020 _a9781315216775
037 _aEBOOK
040 _aCRL
040 _beng
040 _cCRL
041 _2eng
041 _aeng
084 _qCRL
100 _aZhigang Rick Li
_91158179
245 0 _aOrganic Light-Emitting Materials and Devices
260 _bTaylor and Francis
260 _c2015
365 _a
365 _b435
856 _uhttp://www.taylorfrancis.com/books/9781315216775
942 _cEBOOK
999 _c1749665
_d1749665